Quantitative techniques for managerial decisions / (Record no. 24354)

MARC details
000 -LEADER
fixed length control field 00600nam a22001937a 4500
020 ## - INTERNATIONAL STANDARD BOOK NUMBER
ISBN 9780333935033
041 ## - LANGUAGE CODE
Language code of text/sound track or separate title English
082 ## - DEWEY DECIMAL CLASSIFICATION NUMBER
Classification number 658.4033
Item number SHA
100 ## - MAIN ENTRY--AUTHOR NAME
Author name Sharma, J. K.
245 ## - TITLE STATEMENT
Title Quantitative techniques for managerial decisions /
Statement of responsibility, etc J. K. Sharma.
260 ## - PUBLICATION, DISTRIBUTION, ETC. (IMPRINT)
Place of publication Delhi :
Name of publisher Macmillan Publishers India ,
Year of publication 2001.
300 ## - PHYSICAL DESCRIPTION
Number of Pages xix, 908 pages ;
Dimensions 24 cm.
504 ## - BIBLIOGRAPHY, ETC. NOTE
Bibliography, etc Includes bibliographical references and index.
650 ## - SUBJECT ADDED ENTRY--TOPICAL TERM
Subject Management science.
650 ## - SUBJECT ADDED ENTRY--TOPICAL TERM
Subject Decision making
General subdivision Mathematical models.
650 ## - SUBJECT ADDED ENTRY--TOPICAL TERM
Subject Quantitative techniques.
942 ## - ADDED ENTRY ELEMENTS (KOHA)
Source of classification or shelving scheme Dewey Decimal Classification
Koha item type Books
Holdings
Withdrawn status Lost status Source of classification or shelving scheme Damaged status Not for loan Home library Current library Shelving location Date acquired Source of acquisition Cost, normal purchase price Full call number Accession Number Price effective from Koha item type
    Dewey Decimal Classification     Institute of Public Enterprise, Library Institute of Public Enterprise, Library S Campus 05/25/2026 Donated by Prof. S. Satish Kumar (IPE Faculty) 355.00 658.4033 SHA 51075 05/25/2026 Books

Maintained and Designed by
2cqr automation private limited, Chennai. All Rights Reserved.

You are Visitor Number

PHP Hits Count